Представление документа в формате MARC21

ПолеНазваниеЗначение
  Тип записи a
  Библиографический уровень m
001 Контрольный номер BIBLIOCLUB\0000271990
005 Дата корректировки 20230117154101.7
006 m o d
007 Элементы данных для физической характеристики c|||||||||||||
008 Кодируемые данные s2011 rus o rus d
041 Код языка издания 0_
a Код языка текста rus
084 Индекс другой классификации/Индекс ББК __
a Индекс другой классификации/Индекс ББК 81.411.2-3я73
b Номер единицы LBC/PL
2 Источник индекса rubbk
100 Автор 1_
a Автор Абреимова Г. Н.
245 Заглавие 10
a Заглавие Современный русский язык. Лексикология: планы подготовки к практическим и индивидуальным занятиям, схемы и образцы разбора лексического и фразеологического, вопросы для экзамена, контрольные работы
b Продолж. заглавия учебное пособие
c Ответственность Г. Н. Абреимова
260 Выходные данные __
a Место издания Елец
b Издательство Елецкий государственный университет им. И. А. Бунина
c Дата издания 2011
300 Физическое описание __
a Объем 115 с.
504 Библиография __
a Библиография Библиогр. в кн
653 Ключевые слова 1_
a Ключевые слова Учебник для высшей школы
856 Электронный адрес документа 40
3 Область применения данных поля Университетская библиотека ONLINE
u URL https://biblioclub.ru/index.php?page=book&id=271990
952 Тип литературы __
c Вид литературы учебное пособие